Ragionevolezza e interpretazione

Збережено в:
Бібліографічні деталі
Співавтор: Università degli Studi di Padova (Автор)
Формат: Книга
Мова:Італійська мова
Опубліковано: Padua CEDAM 2002
Серія:Ars Interpretandi: Annuario di Ermeneutica Giuridica, 7
Предмети:
Теги: Додати тег
Немає тегів, Будьте першим, хто поставить тег для цього запису!

MARC

LEADER 00000nam a2200000 a 4500
001 UCG6322
003 CL-VaPUC
008 110414e20020000IT |||||||||||||||||ita|d
020 |a 881324424X 
082 0 4 |a 340.11  |b UNI  |2 21 
110 2 |a Università degli Studi di Padova  |e author  |9 556440 
245 1 0 |a Ragionevolezza e interpretazione 
300 |a 482 p 
942 |c BK 
945 |d 20110414 00:00:00  |a jcampos 
260 |a Padua  |b CEDAM  |c 2002 
650 0 |a Filosofía del derecho   |9 255050 
650 0 |a Teoría del derecho  |9 255982 
650 0 |a Interpretación jurídica  |9 380837 
650 0 |a Hermenéutica  |9 269473 
583 |a last modification  |c 20110414 00:00:00  |k Rodrigo Vera 
490 0 |a Ars Interpretandi: Annuario di Ermeneutica Giuridica, 7 
999 |c 344584  |d 344582 
952 |0 0  |1 0  |4 0  |6 340_110000000000000_UNI_2002  |7 0  |8 A  |9 442635  |a BIBDER  |b BIBDER  |d 2019-11-22  |i 4766431  |o 340.11 UNI 2002  |p 4766431  |r 2023-01-25  |w 2019-11-22  |y BK  |k DER